Aplikácia metód transferového oceňovania

Na minha lista:
Detalhes bibliográficos
Autor principal: Kufelová, Iveta, 1970-
Formato: Capítulo de Livro
Idioma:inglês
eslovaco
Assuntos:
Tags: Adicionar Tag
Sem tags, seja o primeiro a adicionar uma tag!

MARC

LEADER 00000nla a2200000 4500
001 0235913
005 20240502073821.5
041 0 |a eng 
041 0 |a slo 
044 |a SK 
245 1 0 |a Aplikácia metód transferového oceňovania  |c Iveta Kufelová 
500 |a Abstrakt 
610 2 0 |a oceňovanie transferové 
610 2 0 |a metódy ohodnocovania 
100 1 |a Kufelová, Iveta, 1970-